| 000 | 01160nam a22003017a 4500 | ||
|---|---|---|---|
| 999 |
_c22500 _d22500 |
||
| 003 | AR-CdUCM | ||
| 008 | 190409b ||||| |||| 00| 0 spa d | ||
| 020 | _a9786124126543 | ||
| 040 |
_aMUNICIPALIDAD PROVINCIAL DEL CUSCO _cBIBLIOTECA MUNICIPAL DEL CUSCO |
||
| 082 |
_a306.08985613/R76 _bR76 |
||
| 100 |
_aRoel Mendizábal, Pedro _948327 |
||
| 245 |
_aEl Q'eswachaka de Canas : _bingeniería y tradición en las comunidades de Quehue / _cinvestigadores, Pedro Roel Mendizábal, Miguel Ángel Hernández Macedo [y] Ingrid Huamaní Rodríguez |
||
| 260 |
_aLima : _bMinisterio de Cultura, _c2015. |
||
| 300 |
_a194 páginas : _bil. col. ; _c24 cm. |
||
| 500 | _zBibliografía: p. 187-194. | ||
| 650 |
_aIndígenas del Perú _95715 |
||
| 650 |
_aPuentes colgantes _948340 |
||
| 650 |
_aIdentidad étnica _911670 |
||
| 650 |
_aCondiciones sociales _948341 |
||
| 650 |
_aVida y costumbres sociales _9857 |
||
| 650 |
_aHistoria _948342 |
||
| 650 |
_aCusco _9772 |
||
| 700 |
_aHernández Macedo, Miguel Ángel _948343 |
||
| 700 |
_aHuamaní Rodríguez, Ingrid _948344 |
||
| 710 |
_aMinisterio de Cultura Perú _948332 |
||
| 942 |
_2ddc _cLIBROS |
||
| 945 | _arac | ||